Top25 Croatian Football Players by Market Value - Statistics

General Stats
  • This quiz has been taken 512 times
  • The average score is 15 of 25
Answer Stats
Age / Market Value Current Club Player % Correct
30 / 50M€ Barcelona Ivan Rakitic
98%
32 / 25M€ Real Madrid Luka Modric
98%
29 / 45M€ Inter Milan Ivan Perisic
92%
24 / 30M€ Real Madrid Mateo Kovacic
90%
29 / 20M€ Liverpool Dejan Lovren
89%
32 / 20M€ Juventus Mario Mandzukic
89%
25 / 35M€ Inter Milan Marcelo Brozovic
87%
27 / 35M€ 1899 Hoffenheim Andrej Kramaric
86%
24 / 30M€ Eintracht Frankfurt Ante Rebic
83%
26 / 25M€ Atlético de Madrid Sime Vrsaljko
77%
29 / 12M€ Besiktas JK Domagoj Vida
76%
23 / 15M€ Juventus Marko Pjaca
62%
23 / 8M€ Atalanta Bergamasca Mario Pasalic
54%
21 / 10M€ Olympique Marseille Duje Caleta-Car
53%
30 / 14M€ AC Milan Nikola Kalinic
53%
28 / 6,5M€ KAA Gent Lovre Kalinic
52%
20 / 8M€ Everton Nikola Vlasic
40%
31 / 5M€ AC Milan Ivan Strinic
39%
22 / 8M€ SSC Napoli Marko Rog
34%
20 / 5,5M€ VfL Wolfsburg Josip Brekalo
33%
29 / 15M€ Free Agent Milan Badelj
30%
21 / 7,5M€ AS Roma Ante Coric
26%
22 / 7M€ SL Benfica Filip Krovinovic
20%
29 / 5M€ RSC Anderlecht Ivan Santini
10%
21 / 11M€ Dinamo Zagreb Filip Benkovic
6%
No matching quizzes found
Score Distribution
Percent of People with Each Score
Percentile by Number Answered
Your Score History
You have not taken this quiz